000
00273nam a22001217a 4500
003
SGT
082
_a
823
_b
HAR
100
_a
HARGRAVE KIRAN MILLWOOD
245
_a
THE ISLAND AT THE END OF EVERYTHING
260
_a
LONDON
_b
KMH PUB
_c
2017
300
_a
239
942
_2
ddc
_c
BK
999
_c
33565
_d
33566